Sports Quiz

Random Sports Quiz

Mets and Dodgers Quiz Stats

 Plays Quiz not verified by Sporcle

Score 0/87 Timer 10:00
0 Plays Today
Years with Mets Player % Correct
1998 - 2005Mike Piazza
90.8%
1983 - 1990Darryl Strawberry
90.2%
2006, 2007Shawn Green
68.6%
2011Chin-lung Hu
68.6%
2006, 2007Paul Lo Duca
67.3%
2005 - 2008Pedro Martinez
64.7%
2008, 2009Ramon Martinez
64.7%
1990 - 1998Todd Hundley
64.1%
2001Tom Martin
63.4%
1985 - 1989Gary Carter
60.8%
2000, 2001, 2004Todd Zeile
60.1%
1992 - 1996Jeff Kent
56.9%
1992, 1993Eddie Murray
55.6%
1998Hideo Nomo
54.9%
2009Gary Sheffield
53.6%
1999Orel Hershiser
52.3%
1992 - 1995, 1999Bobby Bonilla
51.6%
2005, 2006Roberto Hernandez
51.6%
2005, 2007 - 2009Marlon Anderson
51%
1999, 2000Rickey Henderson
49%
2004Tom Wilson
49%
1990Mike Marshall
46.4%
1999 - 2001Robin Ventura
46.4%
2006, 2008Duaner Sanchez
45.1%
2007Chan Ho Park
42.5%
2006, 2007Guillermo Mota
41.8%
1998, 2000, 2001Lenny Harris
40.5%
1993, 1994, 2002, 2003Jeromy Burnitz
40.5%
1999, 2002, 2003Roger Cedeno
39.9%
Years with Mets Player % Correct
1980 - 1984, 1991Hubie Brooks
37.9%
1986 - 1990Bob Ojeda
37.9%
2007Sandy Alomar
37.9%
1992Willie Randolph
37.3%
1986 - 1992Kevin Elster
37.3%
1994 - 1996José Vizcaino
36.6%
2001 - 2004Jason Phillips
35.9%
2002, 2008Brady Clark
35.3%
1985 - 1989Roger McDowell
34%
2010Rod Barajas
34%
1995Brett Butler
32.7%
2006, 2007José Valentin
32%
1998 - 2001Dennis Cook
31.4%
2006José Lima
28.8%
1990, 1991Alejandro Pena
28.1%
2009, 2010Alex Cora
28.1%
2004Karim Garcia
27.5%
2009Wilson Valdez
26.8%
1989Juan Samuel
26.1%
1993, 1994Mike Maddux
25.5%
1999Octavio Dotel
25.5%
2005Kaz Ishii
22.9%
2002, 2003Pedro Astacio
21.6%
2002 - 2005Jae Seo
21.6%
1986 - 1990Barry Lyons
20.9%
2007Aaron Sele
20.3%
2005José Offerman
19%
1997 - 1999Greg McMichael
18.3%
2009, 2010Elmer Dessens
18.3%
Years with Mets Player % Correct
1989Don Aase
17.6%
2006, 2007Ricky Ledee
16.3%
2010Henry Blanco
14.4%
2009Angel Berroa
14.4%
2001Gary Bennett
13.7%
2005Tim Hamulack
13.7%
1996, 1997Rick Trlicek
12.4%
1996Brent Mayne
10.5%
1997, 1998Brian Bohanon
9.8%
2008Claudio Vargas
9.8%
1994Rick Parker
9.2%
1998Brad Clontz
9.2%
1995 - 1998Dave Mlicki
9.2%
1997, 1998Mel Rojas
9.2%
2005Doug Mientkiewicz
9.2%
1989Kevin Tapani
7.2%
2002Mark Guthrie
7.2%
1998Rick Wilkins
5.9%
1991, 1992Chris Donnels
5.2%
2004James Baldwin
4.6%
2004Scott Erickson
4.6%
2000Dennis Springer
3.9%
1993 - 1996Tim Bogar
3.3%
1992Dick Schofield
2.6%
2004José Parra
2.6%
1998Wayne Kirby
2.6%
1998 - 2000Mike Kinkade
2.6%
2002McKay Christensen
2%
1997, 1998Shawn Gilbert
1.3%

You're not logged in!

Compare scores with friends on all Sporcle quizzes.
OR
Log In

You Might Also Like...

Show Comments

Extras

Top Quizzes Today


Score Distribution

Your Account Isn't Verified!

In order to create a playlist on Sporcle, you need to verify the email address you used during registration. Go to your Sporcle Settings to finish the process.

Report this User

Report this user for behavior that violates our Community Guidelines.

Details: